Central Library OPAC University of Rajshahi

‏انقلاب و استقلال آمريكا ;; Inqilāb va istiqlāl-i Āmrīkā / (Record no. 83308)

MARC details
000 -LEADER
fixed length control field 01175cam a22002651 4500
001 - CONTROL NUMBER
control field 83308)
003 - CONTROL NUMBER IDENTIFIER
rucl marc code BD-RjUL
005 - DATE AND TIME OF LATEST TRANSACTION
control field 20240311154702.0
008 - FIXED-LENGTH DATA ELEMENTS--GENERAL INFORMATION
fixed length control field 240311s1960 ir b 000 0 perr
035 ## - SYSTEM CONTROL NUMBER
System control number (BD-RjUL)83308)
040 ## - CATALOGING SOURCE
Original cataloging agency DLC
Language of cataloging eng
Transcribing agency EYM
Modifying agency OCLCQ
-- OCLCO
-- OCLCA
-- DLC
041 ## - LANGUAGE CODE
Language code of text/sound track or separate title per
082 ## - DEWEY DECIMAL CLASSIFICATION NUMBER
Edition number 23
Classification number 973
Author mark and year SHI 1960
100 1# - MAIN ENTRY--PERSONAL NAME
Personal name ‏ شيبانى٫ مجير،. ;; Shaybānī, Mujīr
Dates associated with a name 1920-
9 (RLIN) 12220
245 10 - TITLE STATEMENT
Title ‏انقلاب و استقلال آمريكا ;; Inqilāb va istiqlāl-i Āmrīkā /
Statement of responsibility, etc. ‏تأليف مجىر شىبانى. ;; taʼlīf-i Mujīr Shaybānī.
260 ## - PUBLICATION, DISTRIBUTION, ETC. (IMPRINT)
Place of publication, distribution, etc. Tihrān :تهران :
Name of publisher, distributor, etc. ‏انتشارات دانشگاه تهران،‏ ;; Intishārāt-i Dānishgāh-i Tihrān,
Date of publication, distribution, etc. [1960]
300 ## - PHYSICAL DESCRIPTION
Pagination 100 pages ;
Size 24 cm.
490 1# - SERIES STATEMENT
Series statement ‏انتشارات دانشگاه تهران ؛‏ ;; Intishārāt-i Dānishgāh-i Tihrān ;
Volume/sequential designation 82
500 ## - GENERAL NOTE
General note Cover title: Revolution and independence of the United States of America, by Modjir Sheybany.
504 ## - BIBLIOGRAPHY, ETC. NOTE
Bibliography, etc Includes bibliographical references
651 #0 - SUBJECT ADDED ENTRY--GEOGRAPHIC NAME
Geographic name United States
General subdivision History.
9 (RLIN) 5624
Geographic name United States.
Source of heading or term fast
942 ## - ADDED ENTRY ELEMENTS (KOHA)
Source of classification or shelving scheme Dewey Decimal Classification
Koha item type Books
Holdings
Lost status Source of classification or shelving scheme Damaged status Not for loan Collection code Permanent Location Current Location Shelving location Date acquired Total Checkouts Full call number Date last seen Copy number Koha item type
  Dewey Decimal Classification   Not For Loan Non-fiction Central Library, University of Rajshahi Central Library, University of Rajshahi Reading Room 11/03/2024   F 973 SHI 1960 11/03/2024 C-1 Books